Statistiken für USA Wahr/Falsch-Quiz einfach

Klicken Sie hier um das Quiz zu spielen!

Allgemein

  • Dieses Quiz wurde 169 mal gespielt
  • Das Durchschnittsergebnis liegt bei 7 aus 10

Antwortstatistiken

FrageAntwort% Korrekt
Die Hauptstadt von Hawaii ist Honolulu.Wahr
91%
Die Flagge der USA hat 51 Sterne.Falsch
85%
Los Angeles liegt an der East Coast.Falsch
84%
Vor Obama war George W. Bush der Präsident.Wahr
81%
Der Unabhängigkeitstag ist am 5. Juli.Flasch
76%
Die Yankees sind aus New York.Wahr
75%
Das dritt größte Land ist die USA.Wahr
66%
Der 2. größte Bundesstaat ist Kalifornien.Falsch
63%
Wenn es 18 Uhr in Berlin ist, ist es in New York 13 Uhr.Falsch
51%
Die USA hat schon 11x an einer Fußball WM teilgenommen.Wahr
38%

Verteilung der Resultate

Perzentil nach korrekt beantworteten Fragen

Anzahl Personen mit jedem Resultat

Ihre Resultats-Entwicklung

Sie haben dieses Quiz noch nicht gespielt